000 01488nam a2200349 4500
003 EG-GICUC
005 20260209101114.0
008 260209s2018 ua ||||fr|||| 00| 0 ara d
017 _a20182933
020 _a9789770485941
040 _a EG-GICUC
_bara
_c EG-GICUC
_d EG-GICUC
_erda
041 0 _aara
082 0 4 _a343.431
_bم ح . ك
_221
092 0 4 _221
099 _aLaw1 10 343.431 م ح . ك 1 ed - 2018 1006434
100 0 _aمحمد على محمد
_eمؤلف.
245 1 0 _aكوارث الإرهاب الإلكترونى بين الفلسفه القانونيه و تطور الأمن التقنى :
_bمتضمنا أحدث الأحكام القضائية واٌتفاقيات الدولية لمكافحة جرائم الإرهاب /
_cالمستشار محمد على محمد.
250 _aالطبعة الاولى،
264 1 _aالقاهرة :
_bدار النهضه العربيه،
_c2018.
300 _a368 ؛صفحة
_c24 سم.
_bإيضاحيات، صور، مثيليات ؛
336 _2rda content
_atext
337 _2rda media
_aComputer
338 _2rda carrier
_aOnline Resource
504 _a. 240-220 ببليوجرافيا: صفحات.
546 _aالنص باللغة العربية
650 1 _aالتشريع الخاص بالإرهاب.
_2qrmak
650 1 _aالقانون الجنائي.
_2qrmak
651 1 _2qrmak
856 4 0 _uhttps://fll.law.cu.edu.eg/fulltext/bks/B11-06434.pdf
905 _a18
942 _2ddc
_n0
_cBK
_e21
999 _c61741
_d61741